000 00298 a2200109 4500
001 ART_52743
005 20260410162046.0
008 260409a
245 1 0 _aAporte solidario extraordinario
100 1 _aVega, Gerardo E.
773 0 _tImpuestos
_g- N°100 (mayo 2021)
_wREV45175
999 _c35392
_d35392